| 000 | 00740cab a22002295a 4500 | ||
|---|---|---|---|
| 001 | L139898 | ||
| 008 | 070817e20071008xxko f 000 0 eng d | ||
| 035 | _a(Sirsi) u139898 | ||
| 041 | 0 | _aeng | |
| 100 | 1 | _aHipwell, Deirdre | |
| 245 | 0 | 0 |
_aSpecial report _bdevelopment and project management |
| 260 | _c2007 | ||
| 490 | 0 |
_aProperty Week _v72(32) 10 August 2007, 87-95(5) |
|
| 520 | _aConsiders how property pays the price for the building boom; Problems and solutions; why international information-sharing is key to being green. | ||
| 590 | _aka | ||
| 651 | 4 |
_aScotland _y1999- |
|
| 690 |
_aProject management _96261 |
||
| 690 | _aPROPERTY-PROPERTY DEVELOPMENT | ||
| 700 | 1 | _aLeftly, Mark | |
| 700 | 1 | _aDoyle, David | |
| 942 | _n0 | ||
| 999 |
_c79129 _d79129 |
||